| 000 | 01066nmc a2200373 a 4500 | ||
|---|---|---|---|
| 003 | AR-BaBNM | ||
| 005 | 20251128204040.0 | ||
| 008 | 011101s1994 ||||||||||||||000 | spa|| | ||
| 020 | _a84-7112-373-8 | ||
| 040 | _cAR-BaBNM | ||
| 100 | 1 | _aGimeno Sacristán, José | |
| 245 | 1 | 0 | _aComprender y transformar la enseñanza |
| 250 | _a3ª ed. | ||
| 260 |
_aMadrid _bEdiciones Morata _c1994 |
||
| 300 | 0 |
_a445 p. _bgráfs. |
|
| 490 | 0 | _aPedagogía. Manuales | |
| 500 | 0 | _aIndice de autores p. 442-445 | |
| 504 | _aBibliografía p. 430-441 | ||
| 650 | 4 | _aSOCIALIZACION | |
| 650 | 4 | _aPROCESO DE APRENDIZAJE | |
| 650 | 4 | _aTEORIAS DEL APRENDIZAJE | |
| 650 | 4 | _aCALIDAD DE LA EDUCACION | |
| 650 | 4 | _aCALIDAD DE LA ENSENANZA | |
| 650 | 4 | _aPROGRAMAS | |
| 650 | 4 | _aCONTENIDO DEL PROGRAMA | |
| 650 | 4 | _aEVALUACION DEL PROGRAMA | |
| 650 | 4 | _aESCOLARIDAD OBLIGATORIA | |
| 650 | 4 | _aFORMACION DE DOCENTES | |
| 653 | 0 | _aINVESTIGACION EDUCATIVA | |
| 653 | 0 | _aESTRATEGIAS EDUCATIVAS | |
| 700 | 1 | _aPérez Gómez, Angel I. | |
| 942 | _cBK | ||
| 998 | _cCarmen | ||
| 999 |
_c5961 _d5961 |
||